00635nam a2200193Ia 4500008004100000020001300041082001700054100001900071245006100090250000700151260003400158300002800192500001900220600003400239650001500273942000700288952013100295999001500426240925s9999 xx 000 0 und d a71229728 a621.3827 RAZ aRazavi, Behzad 0aDesign of Integrated Circuits for Optical Communications aNA aBoston:bMC Graw-Hillc,2003. axx,1015p.bNAfOriginal aIncludes Index aTelecommunication Engineering aTechnology cBK 001040708ELaUITUbUITUd2003-02-26eS.S. Book Agencyg1738.51l0o621.3827 RAZpQ4967r2024-09-25 07:13:41w2024-09-25yBK c7466d7466